| 000 | 00569nam a2200157Ia 4500 | ||
|---|---|---|---|
| 008 | 100204s9999 xx 000 0 und d | ||
| 082 | _b27233 | ||
| 100 | _aटुली मार्क | ||
| 245 | _aइंडिया इन स्लो मोशन | ||
| 260 |
_b"मॅजेस्टिक प्रकाशन , मुंबई" _c2006 |
||
| 300 | _a314 | ||
| 630 | _aइंडिया इन स्लो मोशन | ||
| 700 | _aठाकूर अजित | ||
| 730 | _aइंडिया इन स्लो मोशन | ||
| 942 | _cBOOK | ||
| 999 |
_c472409 _d472406 |
||